50 States In 15 Seconds - Statistics

General Stats
  • This quiz has been taken 29 times
  • The average score is 6 of 50
Answer Stats
State % Correct
Ohio
50%
Idaho
40%
Iowa
40%
Utah
40%
Alaska
30%
Arizona
30%
California
30%
Illinois
30%
Texas
30%
Alabama
20%
Colorado
20%
Delaware
20%
Florida
20%
Kansas
20%
Nevada
20%
New York
20%
Arkansas
10%
Connecticut
10%
Georgia
10%
Hawaii
10%
Indiana
10%
Kentucky
10%
Louisiana
10%
Maine
10%
Mississippi
10%
Montana
10%
Oklahoma
10%
Oregon
10%
Pennsylvania
10%
Wisconsin
10%
Maryland
0%
Massachusetts
0%
Michigan
0%
Minnesota
0%
Missouri
0%
Nebraska
0%
New Hampshire
0%
New Jersey
0%
New Mexico
0%
North Carolina
0%
North Dakota
0%
Rhode Island
0%
South Carolina
0%
South Dakota
0%
Tennessee
0%
Vermonta
0%
Virginia
0%
Washingon
0%
West Virginia
0%
Wyoming
0%
No matching quizzes found
Score Distribution
Percent of People with Each Score
Percentile by Number Answered
Your Score History
You have not taken this quiz